000 00972cam a2200277 4500
008 041125n2005 000 0 eng u
020 _a0750662212
035 _a(Sirsi) u128136
041 _aeng
050 _a624.171
_c22
100 _aMegson, T. H. G.
245 _aStructural and stress analysis
250 _a2nd ed.
260 _aOxford
_bElsevier Butterworth-Heinemann
_c2005
300 _axiv, 724p.
_c25cm.
350 _a27.99
520 _aIntroductory text for students of civil engineering which covers the associated topics of structural and stress analysis. Includes items on basic structural theory as well as discussing computer based applications and provides detailed worked examples.
590 _aNB
650 _aSTRUCTURAL ANALYSIS
650 _aSTRESS SYSTEMS
650 _aSTRUCTURAL DESIGN
650 _aSTRUCTURAL ENGINEERING
650 _aCIVIL ENGINEERING
690 _aBUILT ENVIRONMENT-CONSTRUCTION DESIGN
942 _n0
999 _c103871
_d103871